Florida Panthers 24/25 Official Roster - Statistiques

Statistiques générales
  • Ce quiz a été pris 10 fois
  • Le résultat moyen est 7 sur 22
Statistiques - réponses
Hint Réponse % Correct
LW Matthew Tkachuk
88%
C Aleksander Barkov
63%
C Anton Lundell
63%
C Sam Bennett
63%
C Sam Reinhart
63%
G Sergei Bobrovsky
63%
D Aaron Ekblad
50%
C Carter Verhaeghe
50%
D Niko Mikkola
50%
LW A.J. Greer
25%
D Gustav Forsling
25%
LW Jonah Gadjovich
25%
D Nate Schmidt
25%
G Spencer Knight
25%
D Adam Boqvist
13%
C Evan Rodrigues
13%
C Jesper Boqvist
13%
D Uvis Balinskis
13%
G Chris Driedger
0%
D Dmitry Kulikov
0%
C Eetu Luostarinen
0%
LW Tomas Nosek
0%
Aucun quiz correspondant
Distribution des résultats
% des personnes avec chaque résultat
Percentile par nombre de réponses
Votre historique - résultats
Vous n’avez pas pris ce quiz